| 000 | 00585nam a22002057a 4500 | ||
|---|---|---|---|
| 003 | BUBTL | ||
| 008 | 221201b ||||| |||| 00| 0 eng d | ||
| 020 | _a8174730990 | ||
| 082 | _a813.52/ H373f/ 2007 | ||
| 100 |
_94896 _aHemingway, Ernest |
||
| 245 |
_aA Farewell to Arms : _bHemingway Ernest |
||
| 250 | _a1st Edn. | ||
| 260 |
_aDelhi _bA.I.T.B.S. Publishers India _cc2007 |
||
| 300 |
_a236p. : _b18 cm |
||
| 650 | 0 |
_91994 _aEnglish Literature |
|
| 700 |
_94896 _aHemingway, Ernest |
||
| 856 |
_k0 _l0 _yDownload |
||
| 942 |
_2ddc _cBK |
||
| 999 |
_c6848 _d6848 |
||